Creación /
Sparad:
| Huvudupphovsman: | |
|---|---|
| Materialtyp: | Okänd |
| Språk: | Spanish |
| Publicerad: |
España :
EDHASA,
1984.
|
| Ämnen: | |
| Taggar: |
Lägg till en tagg
Inga taggar, Lägg till första taggen!
|
MARC
| LEADER | 000000000a22000000004500 | ||
|---|---|---|---|
| 001 | 002398 | ||
| 020 | |a 8435003795 | ||
| 041 | 0 | |a spa | |
| 082 | 0 | 4 | |a 813.54 |b V649c |
| 100 | 1 | |a Vidal, Gore | |
| 245 | 1 | 0 | |a Creación / |c Gore Vidal. |
| 260 | 1 | |a España : |b EDHASA, |c 1984. | |
| 300 | |a 618 páginas : |b mapas ; |c 23 cm. | ||
| 650 | 4 | |a XERXES | |
| 650 | 4 | |a IRANIES | |
| 650 | 4 | |a REY DE PERSIA, 519-416 A.C | |
| 650 | 4 | |a NOVELA | |
| 650 | 4 | |a PAISES EXTRANJEROS | |
| 650 | 4 | |a EMBAJADORES | |
| 650 | 4 | |a IRAN | |
| 650 | 4 | |a HISTORIA | |
| 650 | 4 | |a HASTA 1940 | |
| 650 | 4 | |a ATENAS (GRECIA) | |
| 999 | |c 8849 |d 8849 | ||
| 942 | |c BK |h 813.54 V649c |2 z | ||



